000 01149mm a2200349a 44500
001 NM030157
003 RG CODE MARC
008 45020s2003 ||||||||||||||000 | spa||
005 20251028183344.0
020 _a987-43-5987-0
040 _aORG CODE MARC
100 _aSoraire, Juan Alberto
_940990
245 _aMaldito legalismo
_bmi experiencia personal nunca debe ser la regla
_cJuan Alberto Soraire
250 _a1ª ed.
260 _aBuenos Aires
_bLos Elegidos
300 _a166 p.
_b21 cm.
500 _aDonación de Pablo Vernola, 2025
505 _tCap. 1: La moral y la ética
505 _tCap. 2: La verdad absoluta
505 _tCap. 3: ¿Qué es pecado? En cuestiones de moral y ética
505 _tCap. 4: ¿El legalismo es un pecado?
505 _tCap. 5: El desequilibrio
505 _tCap. 6: Fuertes y débiles
505 _tCap. 7: Manipulación
505 _tCap. 8: Socorro, necesito un legalista
505 _tCap. 9: La música
505 _tCap. 10: El baile
505 _tCap. 11-12: Noviazgo y algo más
505 _tCap. 13: El riachuelo libre
505 _tCap. 14: La vacuna
942 _cBK
999 _c29464
_d29464